000 00498nam a2200157 i 4500
001 89192
003 ES-MaACL
005 20230906180117.0
007 t|
008 050105s1932 sp ||||1| spa d
100 1 _aLarrañaga Conget, Pedro.
_970313
245 1 0 _aDispensario del alma /
_cpor Pedro Larrañaga Conget.
260 _aBilbao :
_b[s.n.],
_c1932 (
_fEscuelas Gráfs. de la Santa Casa de Misericordia)
300 _a78 p. ;
_c15 cm.
852 _aES-MaACL
_j1784-F-7
_z.- Ded. ms. del autor
999 _c89192
_d89192